| 000 | 00854nam a2200253 a 4500 | ||
|---|---|---|---|
| 001 | 000039680 | ||
| 003 | DO-SdBNP | ||
| 005 | 20240228130358.0 | ||
| 007 | ta | ||
| 008 | 130716s2011 dr a 000 0 spa d | ||
| 020 | _a9789945004120 | ||
| 040 |
_aDO-SdBNP _bspa _cBNPHU |
||
| 082 | 4 |
_aRD861.44 _bG633e _222 |
|
| 100 | 1 |
_aGómez Rosa, Alexis, _d1950- _923501 |
|
| 245 | 1 | 0 |
_aEl festín : _b(s) obras completas. Poemas 1967-2011 / _cAlexis Gómez Rosa. |
| 260 |
_aSanto Domingo : _bAmigo del Hogar, _c2011. |
||
| 300 |
_a1518 p. ; _c24 cm. |
||
| 500 | _aLa biblioteca posee 4 ejemplar autográfiado por el autor | ||
| 590 | _aInventariado, 2022/BT | ||
| 650 | 4 |
_aPoesía dominicana _y1967-2011 _vColecciones _982920 |
|
| 650 | 4 |
_aLiteratura dominicana _y1967-2011 _vColecciones _982921 |
|
| 910 | _aValidado. Control de calidad MFF | ||
| 942 |
_2ddc _cLBS1 |
||
| 999 |
_c39170 _d39170 |
||